000
00319nam a22001337a 4500
008
241127b |||||||| |||| 00| 0 eng d
020
_a
0192125621
050
_a
PN 1691
_b
.G73
100
_a
Graf De C.J.
245
_a
Sons and Daughters
260
_a
London
_b
Oxford university press
_c
1979
300
_a
53
942
_c
BK
999
_c
1784
_d
1784